01655nam a2200277Ia 4500003000400000005001700004008004100021040002100062041001300083082002500096100003600121245014300157260005600300300007700356490003700433500009600470504003800566505006100604520046800665546002801133650005601161650005201217700002801269700003401297700004601331OSt20210413091251.0210310t1964 mx ad fr 000 0 spa d aCO-JMCRcCO-JMCR1 aspaheng04a338.91 / bM987e2231 aMusgrave, Richard Abel, eautor10aEnsayos sobre economía impositiva / cRichard A. Musgrave y Carl S. Shoup ; traducción de Marta Chávez y Agustín López Munguía aMéxico : bFondo de Cultura Económica, c©1964 b643 páginas : ailustraciones y gráficas a blanco y negro ; c20 cm.0 aSección de obras de economía aIncluye notas a pie de página. Título original : Readings in the Economics of taxations aBibliografía: páginas 597-6350 aEquidad y bienestar -- Incidencia y efectos de incentivo3 aRichard A. Musgrave y Carl S. Shoup eligieron como tema de esta selección uno de los renglones de las finanzas públicas que mayor relieve están adquiriendo en la actualidad como medio de hacer actuar adecuadamente la política económica. Los campos a los cuales presta mas interés son los relativos a la equidad y el bienestar, y a la incidencia y los efectos de incentivo que los impuestos de distintas clases ejercen sobre el comportamiento humano.  aTraducido del inglés.14aPolítica económicavEnsayos, conferencias, etc.24aHacienda públicavEnsayos, conferencias, etc.1 aShoup, Carl S., eautor1 aChávez, Marta, etraductora1 aLópez Munguía, Agustín, etraductor